| 000 | 00405nam a2200145 4500 | ||
|---|---|---|---|
| 999 |
_c510526 _d510526 |
||
| 008 | 190822b ||||| |||| 00| 0 eng d | ||
| 100 |
_aGidadhubli, R.G. _98695 |
||
| 245 | _aNATO 70 years and expanding - difference with Russia aggravating | ||
| 260 | _c2019 | ||
| 300 | _ap.27-29. | ||
| 650 |
_aNATO _98696 |
||
| 773 | _aMainstream | ||
| 906 | _aNorth Atlantic Treaty Organisation | ||
| 942 |
_2ddc _cAR |
||